Exigencias cristianas en el desarrollo económico-social (Record no. 19524)

MARC details
000 -LEADER
campo de control de longitud fija 00655nam a2200193 i 4500
001 - NÚMERO DE CONTROL
campo de control 19524
003 - IDENTIFICADOR DE NÚMERO DE CONTROL
campo de control ES-MaACL
005 - FECHA Y HORA DE LA ÚLTIMA TRANSACCIÓN
campo de control 20230906152120.0
007 - CAMPO FIJO DE DESCRIPCIÓN FÍSICA--INFORMACIÓN GENERAL
campo de control de longitud fija t|
008 - DATOS DE LONGITUD FIJA--INFORMACIÓN GENERAL
campo de control de longitud fija 021003s1962 sp ||||1| spa d
100 1# - ENTRADA PRINCIPAL--NOMBRE DE PERSONA
Nombre de persona Abaitua, Carlos,
9 (RLIN) 17957
245 10 - MENCIÓN DEL TÍTULO
Título Exigencias cristianas en el desarrollo económico-social
Resto del título : comentarios a la encíclica "Mater et Magistra" /
Mención de responsabilidad, etc. Carlos Abaitua, Ricardo Alberdi y José María Setién.
260 ## - PUBLICACIÓN, DISTRIBUCIÓN, ETC.
Lugar de publicación, distribución, etc. Madrid :
Nombre del editor, distribuidor, etc. Stvdivm,
Fecha de publicación, distribución, etc. 1962.
300 ## - DESCRIPCIÓN FÍSICA
Extensión 251 p. ;
Dimensiones 19 cm.
700 1# - ENTRADA AGREGADA--NOMBRE PERSONAL
Nombre de persona Alberdi, Ricardo.
9 (RLIN) 19274
700 1# - ENTRADA AGREGADA--NOMBRE PERSONAL
Nombre de persona Setién, José María.
9 (RLIN) 105897
852 ## - LOCALIZACIÓN
Ubicación ES-MaACL
Número de control de estantería C-20931
Sublocalización o colección R.49453
Holdings
Estatus retirado Estado de pérdida Estado de daño No para préstamo Biblioteca de origen Biblioteca actual Ubicación en estantería Fecha de adquisición Fuente de adquisición Total de préstamos Signatura topográfica completa Código de barras Visto por última vez Precio de reemplazo Tipo de ítem Koha
        Biblioteca del Ateneo de Madrid Biblioteca del Ateneo de Madrid Galería 17/01/2008     C-20931 1019977 23/02/2023 23/02/2023 Libro impreso